En el principio era el sentido. Reflexiones en torno al ser humano.
Salvato in:
| Autore principale: | |
|---|---|
| Altri autori: | |
| Natura: | Sconosciuto |
| Lingua: | inglese |
| Pubblicazione: |
Santiago, Chile:
Paidós,
2023.
|
| Soggetti: | |
| Tags: |
Aggiungi Tag
Nessun Tag, puoi essere il primo ad aggiungerne!!
|
MARC
| LEADER | 00000 a2200000 4500 | ||
|---|---|---|---|
| 003 | CL-VaPUC | ||
| 005 | 20240104160857.0 | ||
| 008 | 231221t2023 ||||| |||| 00| 0 eng d | ||
| 999 | |c 442586 |d 442584 | ||
| 020 | |a 978-956-6195-15-3 | ||
| 040 | |c Pontificia Universidad Católica de Valparaíso | ||
| 082 | |2 22 |a 150.195 FRA 2023 | ||
| 100 | |a Frankl, Viktor E. |9 307574 |e autor | ||
| 245 | |a En el principio era el sentido. |b Reflexiones en torno al ser humano. | ||
| 260 | |a Santiago, Chile: |b Paidós, |c 2023. | ||
| 300 | |a 140 páginas. | ||
| 583 | |k GC |c 20231221 | ||
| 600 | 0 | |9 885779 |a Frankl, Viktor E. |v Entrevistas |x Psiquiatra austriaco | |
| 650 | 0 | |9 307575 |a Logoterapia |x Psicoterapias | |
| 650 | 0 | |9 309049 |a Psicología individual |x Psicoanálisis | |
| 700 | |9 886805 |a Piquer Minguijón, Héctor |e traducción | ||
| 942 | |2 ddc |c BK | ||
| 952 | |0 0 |1 0 |2 ddc |4 0 |6 150_195000000000000_FRA_2023 |7 0 |8 A |9 592989 |a BIBGIM |b BIBGIM |c GEN |d 2023-12-20 |e 189 |g 11925.00 |i 5659912 |l 2 |m 2 |o 150.195 FRA 2023 |p 5659912 |r 2025-01-15 |s 2024-04-22 |t 1 |v 11925.00 |w 2023-12-20 |y BK |k SSL | ||